| 000 | 01354nam a2200325 i 4500 | ||
|---|---|---|---|
| 003 | DO-SdBNP | ||
| 005 | 20251013084932.0 | ||
| 007 | ta | ||
| 008 | 240314s2013 dr o 000 0 spa d | ||
| 020 | _a9789945250824 | ||
| 040 |
_aDO-SdBNP _bspa _cBNPHU _erda |
||
| 041 | _aspa | ||
| 082 | 4 |
_a972.93054092 _bC111d _222 |
|
| 100 |
_aCaamaño Deñó, Francisco Alberto, _d1932-1973 _eautor _4aut. |
||
| 245 | 1 | 0 |
_aDocumentos, informes, apuntes y estudios (1967-1973) / _cFrancisco Alberto Caamaño Deñó ; editor, Andrés Blanco Díaz |
| 264 | 4 |
_aSanto Domingo : _bArchivo General de la Nación, _c©2023. |
|
| 300 |
_a510 páginas : _bilustraciones ; _c23 cm. |
||
| 336 |
_atexto _btxt _2rdacontent |
||
| 337 |
_asin mediación _bn _2rdamedia |
||
| 338 |
_avolumen _bnc _2rdacarrier |
||
| 490 | 1 |
_aArchivo General de la Nación ; _v499 |
|
| 546 | _aTexto en español, inglés y francés. | ||
| 590 | _aInventariado, 2024/ DG | ||
| 600 | 1 | 4 |
_aCaamaño Deñó, Francisco Alberto, _d1932-1973 _xCorrespondenica, memorias, etc. _985045 |
| 700 | 1 |
_aBlanco Díaz, Andrés, _eeditor _4ed. _961577 |
|
| 740 | 0 | _aThe great change : the social and economic transformation of the Dominican Republic, 1963-2013 | |
| 740 | 0 | _aLe grand changement : la transformation sociale et économique de la Republique Dominicaine, 1963-2013 | |
| 910 | _aDG | ||
| 942 |
_2ddc _cLBS1 |
||
| 999 |
_c56106 _d56106 |
||